| 000 | 00748nam a22003010a 4500 | ||
|---|---|---|---|
| 001 | PT17411 | ||
| 003 | AR-LpoUNG | ||
| 005 | 20210131232741.0 | ||
| 008 | 191001s1978||||ve |||||||||||||||||spa d | ||
| 037 | _c$27.00 | ||
| 040 |
_aAR-LpoUNG _bspa _cAR-LpoUNG _eaacr |
||
| 041 | _aspa | ||
| 044 | _ave | ||
| 082 | 0 | _aA863 723sie | |
| 100 | 1 | _aArlt, Roberto | |
| 245 | 1 | 4 | _aLos siete locos |
| 250 | _a1ra. ed. | ||
| 260 |
_aCaracas : _bBiblioteca Ayacucho, _c1978. |
||
| 300 |
_a456 p. : _bgráfs., il. |
||
| 650 | 4 | _aARGENTINA | |
| 650 | 4 | _aLITERATURA | |
| 650 | 4 | _aNOVELAS | |
| 651 | 4 | _aDOCUMENTOS TEORICOS O METODOLOGICOS | |
| 653 | _aLITERATURA ARGENTINA | ||
| 700 | 1 |
_aPrieto, Adolfo _epról. |
|
| 905 | _a17411 | ||
| 942 | _cLIB | ||
| 999 |
_c17293 _d17293 |
||